ბათუმის შოთა რუსთაველის სახელმწიფო უნივერსიტეტის ბიბლიოთეკა

სკოლის ექიმი / (ბიბ.ჩანაწერი № 39300)

000 -ლიდერი
ფიქსირებული სიგრძის საკონტროლო ველი 01450nam a2200265Ia 4500
001 - საკონტროლო ნომერი
საკონტროლო ველი 5886
003 - საკონტროლო ნომრის იდენტიფიკატორი
საკონტროლო ველი GE_BSU
005 - ბოლო ოპერაციის თარიღი და დრო
საკონტროლო ველი 20191028154554.0
008 - ფიქსირებული სიგრძის მონაცემთა ელემენტები - ზოგადი ინფორმაცია
ფიქსირებული სიგრძის საკონტროლო ველი 181216s2012||||ge |||||||||||||| ||geo||
020 ## - წიგნის საერთაშორისო სტანდარტული ნომერი
International Standard Book Number 9789941434013
040 ## - კატალოგიზაციის წყარო
Transcribing agency GE_BSU
041 ## - ენის კოდი
Language code of text/sound track or separate title geo
080 ## - უნივერსალური ათობითი კლასიფიკაციის ინდექსი
Universal Decimal Classification number 614.253.1:373 გ-96
100 ## - მთავარი ჩანაწერი - პიროვნების სახელი
Personal name გურგენიძე, მარინე
9 (RLIN) 5032
245 ## - ცნობა სათაურის შესახებ
Title სკოლის ექიმი /
Statement of responsibility, etc მარინე გურგენიძე ; რედ. რამაზ სურმანიძე, გიორგი (იური) ბიბილეიშვილი
264 ## - წარმოების, გამოცემის, დისტრიბუციის და სხვა ცნობები
გამოცემის, წარმოების, დისტრიბუციის... ადგილი ბათუმი :
გამოცემის, წარმოების, დისტრიბუციის... სახელწოდება შითა რუსთაველის სახ. უნ–ტი,
გამოცემის, წარმოების, დისტრიბუციის... თარიღი 2012.
300 ## - ფიზიკური აღწერა
Extent 249 გვ. ;
Other physical details 20 სმ.
504 ## - BIBLIOGRAPHY, ETC. NOTE
Bibliography, etc ბიბლიოგრ.: გვ. 236-247.
520 ## - SUMMARY, ETC.
Summary, etc რეზ. ინგლ..
700 ## - ADDED ENTRY--PERSONAL NAME
Personal name სურმანიძე, რამაზ
Relator term რედაქტორი
9 (RLIN) 5033
700 ## - ADDED ENTRY--PERSONAL NAME
Personal name ბიბილეიშვილი, გიორგი
Relator term რედაქტორი
9 (RLIN) 5034
710 ## - ADDED ENTRY--CORPORATE NAME
Corporate name or jurisdiction name as entry element ბათუმის შოთა რუსთაველის სახელმწ. უნ-ტი
Subordinate unit პედ. მეცნ. დეპარტამენტი, განათლ. და მეცნ. ფაკ-ტი, საქ. განათლ. მეცნ. აკად. აჭარის განყ-ბა.
9 (RLIN) 5035
942 ## - ADDED ENTRY ELEMENTS (KOHA)
Koha item type წიგნი
Source of classification or shelving scheme
ეგზემპლარები
ჩამოწერის სტატუსი დაკარგული ეგზემპლარის სტატუსი კლასიფიკაციის წყარო ან თაროზე გაწყობის სქემა დაზიანების სტატუსი არ გაიცემა მუდმივი მდებარეობა (დაცვის ადგილი) ამჟამინდელი ადგილსამყოფელი თაროზე განთავსების ადგილი შეძენის თარიღი ღირებულება, შესყიდვის ნორმალური ფასი სრული შენახვის შიფრი შტრიხკოდი ბოლო ოპერაციის თარიღი ეგზემპლარის მიმდევრობითი ნომერი (კეტერი?) ფასის ძალაში შესვლის თარიღი ეგზემპლარის სახეობა საჯარო შენიშვნა
          ბათუმის შოთა რუსთაველის სახელმწიფო უნივერსიტეტის მთავარი ბიბლიოთეკა ბათუმის შოთა რუსთაველის სახელმწიფო უნივერსიტეტის მთავარი ბიბლიოთეკა წიგნსაცავი 2018-12-17 6.00 614.253.1:373 გ-96 6523 2018-12-17 6523 2018-12-17 წიგნი 6 ლ. 56თ.
          ბათუმის შოთა რუსთაველის სახელმწიფო უნივერსიტეტის მთავარი ბიბლიოთეკა ბათუმის შოთა რუსთაველის სახელმწიფო უნივერსიტეტის მთავარი ბიბლიოთეკა წიგნსაცავი 2018-12-17 5.00 614.253.1:373 გ-96 6524 2018-12-17 6524 2018-12-17 წიგნი 5ლ. 56 თ.
          ბათუმის შოთა რუსთაველის სახელმწიფო უნივერსიტეტის მთავარი ბიბლიოთეკა ბათუმის შოთა რუსთაველის სახელმწიფო უნივერსიტეტის მთავარი ბიბლიოთეკა წიგნსაცავი 2018-12-17 5.56 614.253.1:373 გ-96 6525 2018-12-17 6525 2018-12-17 წიგნი 5ლ. 56 თ.
          ბათუმის შოთა რუსთაველის სახელმწიფო უნივერსიტეტის მთავარი ბიბლიოთეკა ბათუმის შოთა რუსთაველის სახელმწიფო უნივერსიტეტის მთავარი ბიბლიოთეკა წიგნსაცავი 2018-12-17 5.56 614.253.1:373 გ-96 6526 2018-12-17 6526 2018-12-17 წიგნი 5ლ. 56 თ.
          ბათუმის შოთა რუსთაველის სახელმწიფო უნივერსიტეტის მთავარი ბიბლიოთეკა ბათუმის შოთა რუსთაველის სახელმწიფო უნივერსიტეტის მთავარი ბიბლიოთეკა წიგნსაცავი 2018-12-17 5.56 614.253.1:373 გ-96 6527 2018-12-17 6527 2018-12-17 წიგნი 5ლ. 56 თ.